000 02534nam0a2200409 4500
001 RU\NLR\bibl\998681
005 201310260623
010 _a5-88996-645-6
_91000
021 _aRU
_b2006-53066
_92616
035 _a(NLR Aleph) 000986423
035 _a(nilc)RSL-KNO-002928365
090 _a491495
_c491495
100 _a20060914d2006 u y0rusy50 ca
101 0 _arus
102 _aRU
105 _aa |||||||||
106 _ar
200 1 _aИстория университета ИНЖЭКОН
_eкраткий очерк
_f[В.А. Лимонов, В.В. Коломинов, М.Л. Волкоморова и др.]
_gпод общ. ред. В.А. Лимонова, В.В. Коломинова
_gФедер. агентство по образованию, Гос. образоват. учреждение высш. проф. образования "С.-Петерб. гос. инж.-экон. ун-т"
210 _aСанкт-Петербург
_cСПбГИЭУ
_d2006
215 _a197 с.
_cил., портр., цв. портр.
_d25
300 _aНа обл.: К съезду выпускников ИНЖЭКОНа
300 _aПосвящается 100-летию Ун-та ИНЖЭКОН
320 _aБиблиогр.: с. 194-196 (34 назв.) и в подстроч. прим.
601 0 2 _aСанкт-Петербургский государственный инженерно-экономический университет
_xИстория
_92359298
_3RU\NLR\auth\661408984
610 0 _aЭкономика -- Подготовка кадров -- Высшее экономическое образование -- Санкт-Петербургский государственный инженерно-экономический университет
686 _aУ.р(2)32
_2rubbk
686 _aЧ489.33(2)7г
701 1 _4070
_7ca
_8rus
_aЛимонов
_bВ. А.
_cканд. ист. наук
_f1958-
_gВладимир Андреевич
_9232209
_3RU\NLR\AUTH\770232265
701 1 _aКоломинов
_bВ. В.
_gВячеслав Васильевич
_4070
701 1 _aВолкоморова
_bМ. Л.
_gМарина Леонидовна
_4070
711 0 2 _aСанкт-Петербургский государственный инженерно-экономический университет
_9562226
_3RU\NLR\AUTH\8810031811
801 0 _aRU
_bРКП
_c20060914
_grcr
801 1 _aRU
_bРГБ
_c20060914
801 2 _aRU
_bNLR
_c20061018
_grcr
942 _cBOOK
980 _aNB